000 00446nam a2200169Ia 4500
005 20250508151538.0
008 008 250505s9999 xx 000 0 eng d
037 _aReference
040 _aFEDL
_beng
_cFEDL
041 _aeng
_2eng
084 _a001.42, GOO
_qFEDL
100 _aGood Barr
_9759469
245 0 _aMethodology of educational research
300 _a882p.
942 _cREF
_h001.42, GOO
999 _c1330528
_d1330528